Loading...
| Beliefs | 7 | 11.43 | 43% | 71% | 0% |
| Fine Arts - Classical Music and Opera | 4 | 20.00 | 75% | 50% | 75% |
| Fine Arts - Other | 4 | 12.50 | 0% | 75% | 50% |
| Fine Arts - Visual | 5 | 12.00 | 40% | 60% | 20% |
| Geography | 3 | 16.67 | 100% | 33% | 33% |
| History - European | 7 | 10.00 | 43% | 0% | 57% |
| History - Other | 5 | 18.00 | 40% | 80% | 60% |
| History - US | 2 | 15.00 | 50% | 50% | 50% |
| History - World | 3 | 13.33 | 67% | 33% | 33% |
| Literature - American | 8 | 12.50 | 38% | 38% | 50% |
| Literature - British | 5 | 14.00 | 20% | 80% | 40% |
| Literature - European | 6 | 15.00 | 50% | 50% | 50% |
| Literature - World | 4 | 15.00 | 50% | 25% | 75% |
| Modern World | 4 | 10.00 | 0% | 50% | 50% |
| Other Academic | 2 | 10.00 | 50% | 50% | 0% |
| Philosophy | 4 | 12.50 | 25% | 75% | 25% |
| Science - Biology | 6 | 11.67 | 0% | 67% | 50% |
| Science - Chemistry | 6 | 15.00 | 50% | 67% | 33% |
| Science - Earth | 1 | 20.00 | 100% | 100% | 0% |
| Science - Other | 6 | 6.67 | 50% | 0% | 17% |
| Science - Physics | 2 | 15.00 | 50% | 50% | 50% |
| Social Science | 7 | 7.14 | 14% | 29% | 29% |